Stochastické modely v poisťovníctve

Stochastický prístup ku vytváraniu modelov v rôznych druhoch poistenia. Konštrukcia viacstavových modelov. Aplikácia modelov na výpočet poistného.

Saved in:
Bibliographic Details
Main Author: Huťka, Vladimír
Other Authors: Sekerová, Viera
Format: Book Chapter
Language:Slovak
Subjects:
Tags: Add Tag
No Tags, Be the first to tag this record!

MARC

LEADER 00000naa a2200000 4500
001 r032996
005 20230906072505.2
041 0 |a slo 
044 |a SK 
245 1 0 |a Stochastické modely v poisťovníctve  |c Vladimír Huťka, Viera Sekerová 
520 |a Stochastický prístup ku vytváraniu modelov v rôznych druhoch poistenia. Konštrukcia viacstavových modelov. Aplikácia modelov na výpočet poistného. 
610 2 0 |a poisťovníctvo 
610 2 0 |a modely matematicko-štatistické 
610 2 0 |a procesy Markovove 
610 2 0 |a Slovensko 
100 1 |a Huťka, Vladimír 
700 1 |a Sekerová, Viera